Aktuálne výzvy v terciárnom vzdelávaní v kontexte celoživotného vzdelávania

Komparatívna analýza rôznych teoretických prístupov k vymedzeniu úlohy marketingu vo vysokoškolskom vzdelávaní a identifikovanie aktuálnych trendov a výziev najmä v súvislosti s novými trendami na trhu vysokoškolského vzdelávania v kontexte stratégií celoživotného vzdelávania najmä na európskej úrov...

Descrizione completa

Salvato in:
Dettagli Bibliografici
Autore principale: Bikárová, Eva
Natura: Capitolo di libro
Lingua:slovacco
Soggetti:
Tags: Aggiungi Tag
Nessun Tag, puoi essere il primo ad aggiungerne!!

MARC

LEADER 00000nla a2200000 4500
001 0229344
005 20240502073757.4
041 0 |a slo 
044 |a SK 
245 1 0 |a Aktuálne výzvy v terciárnom vzdelávaní v kontexte celoživotného vzdelávania  |c Eva Bikárová 
520 |a Komparatívna analýza rôznych teoretických prístupov k vymedzeniu úlohy marketingu vo vysokoškolskom vzdelávaní a identifikovanie aktuálnych trendov a výziev najmä v súvislosti s novými trendami na trhu vysokoškolského vzdelávania v kontexte stratégií celoživotného vzdelávania najmä na európskej úrovni. Analýza sa zameriava najmä na zahraničné štúdie a literatúru, recenzované časopisy a aktuálne odborné články a publikácie uverejnené na internete. 
610 2 0 |a vzdelávanie vysokoškolské 
610 2 0 |a vzdelávanie celoživotné 
610 2 0 |a vzdelávanie terciárne 
610 2 0 |a marketing 
610 2 0 |a stratégia marketingová 
100 1 |a Bikárová, Eva